• 首页
  • 本馆介绍
  • 公告通知
  • 最新文献
  • 馆藏检索
  • 电子资源
  • 读者荐购
  • 参考咨询
  • CALIS
  • 我的图书馆
  • 登录
  • 详细信息显示
  • 放入我的书架
  • 预约/预借图书
  • 作者相关作品
  • 分类相关作品
  • 丛书相关作品
  • 出版社相关作品

书目信息

  • 表格格式
  • 工作单格式
  • 卡片格式
题名:
注册电气工程师执业资格考试专业考试规范汇编
    
 
作者: ;中国计划出版社 编
分册: 下册   发输变电
出版信息: 北京   中国计划出版社  2015.04
页数: 1册
开本: 26cm
丛书名:
单 册:
中图分类: TM-65 , TM7-65
科图分类:
主题词: 电工技术--dian gong ji shu--国家标准--中国--汇编 , 电力系统--dian li xi tong--国家标准--中国--汇编
电子资源:
ISBN: 978-7-5182-0014-6
 
 
 
 
 
000 01066nam 2200253 450
001 CAL 007895320
005 20171208080135.22
010    @a978-7-5182-0014-6@dCNY200.00
100    @a20170904d2015 em y0chiy50 ea
101 0  @achi
102    @aCN@b110000
105    @aa l 000yy
200 1  @a注册电气工程师执业资格考试专业考试规范汇编@Azhu ce dian qi gong cheng shi zhi ye zi ge kao shi zhuan ye kao shi gui fan hui bian@h下册@i发输变电@f本社编
210    @a北京@c中国计划出版社@d2015.04
215    @a1册@c图@d26cm
330    @a本书汇编了注册电气工程师发输变电执业资格考试所需的标准、规范、规程。这些标准、规范是应考人员备考的主要依据。收录的43个国家标准和3个行业标准, 均为2015年5月1日以前实施的最新版本。
517 1  @a发输变电@Afa shu bian dian
606 0  @a电工技术@Adian gong ji shu@x国家标准@y中国@j汇编
606 0  @a电力系统@Adian li xi tong@x国家标准@y中国@j汇编
690    @aTM-65@v5
690    @aTM7-65@v5
711 02 @a中国计划出版社@Azhong guo ji hua chu ban she@4编
801  0 @aCN@c20170904
905    @a河南城建学院图书馆@dTM-65@eZ564:2@f1
    
    注册电气工程师执业资格考试专业考试规范汇编.下册.发输变电/本社编.-北京:中国计划出版社,2015.04
    1册:图;26cm
    
    
    ISBN 978-7-5182-0014-6:CNY200.00
    本书汇编了注册电气工程师发输变电执业资格考试所需的标准、规范、规程。这些标准、规范是应考人员备考的主要依据。收录的43个国家标准和3个行业标准, 均为2015年5月1日以前实施的最新版本。
●
相关链接 在E读中查询图书 在当当中查询图书 在豆瓣中查询图书


正题名:注册电气工程师执业资格考试专业考试规范汇     索取号:TM-65/Z564:2         预约/预借

序号 登录号 条形码 馆藏地/架位号 状态 备注
1 1237237   212372378   电气与控制工程学院资料室/ [索取号:TM-65/Z564:2] 在馆    
2 1314126   213141269   自科库301/301自科库 4排4列1层/ [索取号:TM-65/Z564:2] 在馆    
河南城建学院图书馆 欢迎您!
大连网信软件有限公司© 版权所有